01131nam a22001817a 450000500170000000800410001702000180005804000070007604100080008308200210009110000170011224500420012926000460017130000250021736500410024252006510028365000150093420220106115934.0220106b ||||| |||| 00| 0 eng d a9788193503300 cAL aeng 223a820.33bMISD aKevin Missal aDharmayoddha kalki bAvatar of vishnu aNew DelhiFinger PrintbFinger Printc2018 a463pbPBc19.5x13cm. a4477b₹233.22c₹d₹299.00e22% aBorn in the quiet village of Shambala, Kalki Hari, son of Vishnuyath and Sumati, has no idea about his heritage until he is pitted against tragedies and battles.Whisked into the province of Keekatpur, which is under the fist of Lord Kali, Kalki sees the ignominy of death trumping life all around him. He learns that he has been born to cleanse the world he lives in for which he must journey to the North and learn the ways of Lord Vishnu’s Avatar; from an immortal who wields an axe.But trapped in the midst of betrayals political intrigue and forces that seek to decimate him, will he be able to follow his destiny before the Kaliyug begins? aLiterature